Instruments in Ravel's Boléro - Statistics

General Stats
  • This quiz has been taken 26 times
  • The average score is 21 of 28
Answer Stats
Instrument % Correct
Woodwinds {Bass} clarinet
96%
Bowed Strings Cello
96%
Woodwinds Flute
96%
Woodwinds Oboe
96%
Percussion Snare drum
96%
Brass Bass tuba
91%
Percussion Timpani
91%
Brass Trombone
91%
Brass Trumpet
91%
Bowed Strings Viola
91%
Bowed Strings Violin
91%
Woodwinds Bassoon
87%
Woodwinds {Tenor} saxophone
87%
Woodwinds {B-flat} clarinet
83%
Brass Horn
83%
Woodwinds {Soprano} saxophone
83%
Bowed Strings Double bass
78%
Woodwinds Piccolo
78%
Woodwinds {E-flat} clarinet
65%
Percussion Bass drum
57%
Percussion Tam-tam
52%
Woodwinds Contrabassoon
48%
Woodwinds Cor anglais
48%
Percussion Cymbals
48%
Other Harp
39%
Woodwinds {Sopranino} saxophone
39%
Other Celesta
30%
Woodwinds Oboe d'amore
22%
No matching quizzes found
Score Distribution
Percent of People with Each Score
Percentile by Number Answered
Your Score History
You have not taken this quiz